000 00444pab a2200169 454500
008 180718b2010 xxu||||| |||| 00| 0 eng d
100 _aCameron, Mark
245 _aThe common factors model: implications for transtheoretical clinical social work practice
260 _c2010
300 _ap.63-73.
362 _aJan
650 _aSocial work
700 _aKeenan, Elizabeth King
773 _aSocial Work
908 _aN
909 _a85313
999 _c85313
_d85313